Resumen de la información pública sobre el anteproyecto de seguro de maternidad. (Record no. 124814)
[ view plain ]
| 000 -LEADER | |
|---|---|
| campo de control de longitud fija | 00754nam a2200205 i 4500 |
| 001 - NÚMERO DE CONTROL | |
| campo de control | 124814 |
| 003 - IDENTIFICADOR DE NÚMERO DE CONTROL | |
| campo de control | ES-MaACL |
| 005 - FECHA Y HORA DE LA ÚLTIMA TRANSACCIÓN | |
| campo de control | 20230906192513.0 |
| 007 - CAMPO FIJO DE DESCRIPCIÓN FÍSICA--INFORMACIÓN GENERAL | |
| campo de control de longitud fija | t| |
| 008 - DATOS DE LONGITUD FIJA--INFORMACIÓN GENERAL | |
| campo de control de longitud fija | 070420s1927 sp ||||1| spa d |
| 245 00 - MENCIÓN DEL TÍTULO | |
| Título | Resumen de la información pública sobre el anteproyecto de seguro de maternidad. |
| 260 ## - PUBLICACIÓN, DISTRIBUCIÓN, ETC. | |
| Lugar de publicación, distribución, etc. | Madrid : |
| Nombre del editor, distribuidor, etc. | [s.n.], |
| Fecha de publicación, distribución, etc. | 1927 ( |
| Fabricante | Sobrinos Suc. de Minuesa de los Ríos) |
| 300 ## - DESCRIPCIÓN FÍSICA | |
| Extensión | 216 p. ; |
| Dimensiones | 21 cm. |
| 490 1# - MENCIÓN DE SERIE | |
| Mención de serie | Publicaciones del Instituto Nacional de Previsión ; |
| Designación de volumen o secuencia | 186 |
| 650 ## - PUNTO DE ACCESO ADICIONAL DE MATERIA--TÉRMINO DE MATERIA | |
| Término de materia o nombre geográfico como elemento de entrada | Subsidio de maternidad- |
| Subdivisión geográfica | España. |
| 9 (RLIN) | 17240 |
| 710 2# - ENTRADA AGREGADA--NOMBRE DE ENTIDAD CORPORATIVA | |
| Nombre de entidad corporativa o nombre de jurisdicción como elemento de entrada | Instituto Nacional de Previsión (España) |
| 9 (RLIN) | 5180 |
| 830 1# - PUNTO DE ACCESO ADICIONAL DE SERIE-TÍTULO UNIFORME | |
| Título uniforme | Publicaciones del Instituto Nacional de Previsión ; |
| Designación de volumen o secuencia | 186 |
| 9 (RLIN) | 181151 |
| 852 ## - LOCALIZACIÓN | |
| Ubicación | ES-MaACL |
| Número de control de estantería | C-12650(5) |
| Estatus retirado | Estado de pérdida | Estado de daño | No para préstamo | Biblioteca de origen | Biblioteca actual | Ubicación en estantería | Fecha de adquisición | Fuente de adquisición | Total de préstamos | Signatura topográfica completa | Código de barras | Visto por última vez | Precio de reemplazo | Tipo de ítem Koha |
|---|---|---|---|---|---|---|---|---|---|---|---|---|---|---|
| Biblioteca del Ateneo de Madrid | Biblioteca del Ateneo de Madrid | Sala Palomar | 17/01/2008 | C-12650(5) | 1130045 | 23/02/2023 | 23/02/2023 | Libro impreso |
